| 000 | 00000nam##2200000za#4500 |
| 001 | 9.612987 |
| 003 | CaOODSP |
| 005 | 20220111083427 |
| 007 | ta |
| 008 | 150406|1996||||xxc||||| f|0| 0 eng|d |
| 020 | |a0-662-24494-X |
| 022 | |a1713-0638 |
| 040 | |aCaOODSP|beng |
| 043 | |an-cn--- |
| 086 | 1 |aNE22-1/1996-4-2E |
| 110 | 1 |aCanada. |bNational Energy Board. |
| 245 | 10|aExpress Pipeline Project : |breport of the Joint Review Panel / |cIssued jointly by the Canadian Environmental Assessment Agency. |
| 260 | |aCalgary - Alberta : |bNational Energy Board |cMay, 1996. |
| 300 | |ax, 197p. : |bfigs., references ; |c28 cm. |
| 490 | 1 |aReasons for decision|x1713-0638 |
| 500 | |a"The proposed Express Pipeline Project ("the Project") consists of the construction and operation of an oil pipeline from terminal facilities at Hardisty, Alberta to the Canada-United States border, near Wild Horse, Alberta."--Overview. |
| 520 | 3 |aThe proposed Express Pipeline Project (the Project) consists of the construction and operation of an oil pipeline from terminal facilities at Hardisty, Alberta to the Canada-United States border, near Wild Horse, Alberta.--Overview |
| 563 | |aSoftcover |
| 590 | |a96-22|b1996-05-31 |
| 775 | 08|tProjet Express Pipeline : |w(CaOODSP)9.623845 |
| 776 | 0#|tExpress Pipeline Project : |w(CaOODSP)9.572498 |
| 830 | #0|aReasons for decision (Canada. National Energy Board)|x1713-0638|w(CaOODSP)9.514808 |